000 00914nam a22003017a 4500
003 CHAP
005 20220329134934.0
008 971013s1978 r 00010 d
010 _a28399
011 _a29371
035 _a33482
040 _cCHAP
082 _a544.84
_bK5
100 0 0 _aKnapamn, C. E. N.
_963492
245 _aDevelopments in chromatography
260 _aLondon :
_bApplied Science,
_c1978
300 _av.
_b: ilus. ; gráfs.
490 _aThe development series
590 _aBATCH-UPD
_b10
_c20130110
_lUCH01
_h1935
590 _aBATCH-UPD
_b10
_c20130410
_lUCH01
_h1259
590 _aBATCH-UPD
_b10
_c20130914
_lUCH01
_h0343
590 _aCONVERSION
_b10
_c20130109
_lUCH01
_h1316
650 1 4 _aAnálisis cromatográfico.
_95964
830 0 _aThe development series
_9112647
901 _aBK
942 _cLIBRO
949 _a544.84 K5
_bBC
_cLIBRO
_d33724000389771
_eLIBRO
_fv.1
_h55231
_i33482
_si
999 _c28399
_d28399